Estadísticas para Equipos de la Serie B 2023-24

Haz click aquí para intentar la prueba.

Estadísticas generales

  • Esta prueba ha sido intentada 9 veces
  • La puntuación promedio es 10 de 20

Estadísticas de respuestas

Respuesta% Correcto
Sampdoria
100%
Ascoli
78%
Pisa
78%
Venezia
78%
Cremonese
56%
Modena
56%
Palermo
56%
Parma
56%
Brescia
44%
Catanzaro
44%
Como
44%
Cosenza
44%
Lecco
44%
Reggiana
44%
FC Südtirol
33%
Spezia
33%
Ternana Calcio
33%
Cittadella
22%
Feralpisalo
22%
SSC Bari
11%

Distribución de puntuación

Porcentaje por número respondido

Porcentaje de gente con cada puntuación

Historial de tus puntuaciones

No has intentado esta prueba.